| 000 | 00561nam a2200157 4500 | ||
|---|---|---|---|
| 999 |
_c16289 _d16289 |
||
| 008 | 211110b ||||| |||| 00| 0 eng d | ||
| 022 | _a0732-8435 | ||
| 082 | _aDPer 657.05 C33 Apr - Sept 2016, v86 n4-9 | ||
| 100 |
_aAnders, Susan. _942990 |
||
| 245 |
_aWorld business council for sustainable development/ _cSusan Anders. |
||
| 260 |
_aNew York: _bThe New York State Society of CPA, _c©2016. |
||
| 300 |
_av86 n6, pages 80-81: _billustrations; _c28 cm. |
||
| 500 | _aThe CPA Journal | ||
| 650 |
_aBusiness _xSustainable development. _943643 |
||
| 942 |
_2ddc _cPER |
||